| 000 | 00705nam a2200193 i 4500 | ||
|---|---|---|---|
| 001 | 38797 | ||
| 003 | ES-MaACL | ||
| 005 | 20250722183552.0 | ||
| 007 | t| | ||
| 008 | 030226s1944 ag f |||| | spa d | ||
| 100 | 1 |
_aCampoamor, Clara, _d1888-1972 _934230 |
|
| 245 | 1 | 0 |
_aSor Juana Inés de la Cruz / _cClara Campoamor. |
| 260 |
_aBuenos Aires : _bEmecé, _c[1944] ( _fPlatt, Prototipografía Publicitaria Argentina) |
||
| 300 |
_a144 p., 4 lám. ; _c18 cm. |
||
| 600 | 0 | 4 |
_aJuana Inés de la Cruz, _cSor, _d1651-1695 _967141 |
| 852 |
_aES-MaACL _jC-46488 _z. - Dedicatoria autógrafa de la autora "Con mis más afectuosos saludos, Clara Campoamor" |
||
| 942 | _2udc | ||
| 999 |
_c38797 _d38797 |
||